000 00578nam a2200169Ia 4500
003 GCL
008 140319s9999 xx 000 0 ara d
040 _aGCL /
_cGCL
082 0 4 _a796.06
_bع ا
100 1 _aعصام بدوى
245 1 0 _aاستثمار الوقت فى ادارة الهيئات الرياضية /
_cعصام بدوى
490 _aالتنظيم والادارة فى التربية البدنية الرياضية
_v0
650 0 4 _aالرياضة البدنية
650 0 4 _aالتربية البدنية
650 0 4 _aالهيئات
942 _2ddc
_cBK
999 _c42875
_d42875